Personnalités évoquées en chanson - Statistiques

Statistiques générales
  • Ce quiz a été pris 254 fois
  • Le résultat moyen est 14 sur 40
Statistiques - réponses
Chansons Artistes Personnalités % Correct
Zinedine Pascal Obispo Zinedine Zidane
88%
Initials B.B. Serge Gainsbourg Brigitte Bardot
84%
Happy Birthday, Mr. President Marilyn Monroe John F. Kennedy
78%
Miss Maggie Renaud Margaret Thatcher
76%
Putain de camion Renaud Coluche
68%
Calling Elvis Dire Straits Elvis Presley
67%
Ella, elle l'a France Gall Ella Fitzgerald
65%
Candle in the wind ( 1997 ) Elton John Lady Di ( Diana Spencer )
64%
Vladimir Illitch Michel Sardou Lénine
64%
Hasta siempre Nathalie Cardone Che Guevara
55%
Encore un soir Céline Dion René Angélil
54%
Asimbonanga Johnny Clegg & Savuka Nelson Mandela
52%
Quelque chose de Tennessee Johnny Hallyday Tennessee Williams
50%
Ave Cesaria Stromae Cesaria Evora
48%
Hymne à l'amour Edith Piaf Marcel Cerdan
48%
Sir Duke Stevie Wonder Duke Ellington
45%
Candle in the wind ( 1973 ) Elton John Marilyn Monroe
43%
Arlette Alain Souchon Arlette Laguiller
37%
L'emmerdant c'est la rose Thierry Le Luron François Mitterrand
37%
Le bruit et l'odeur Zebda Jacques Chirac
35%
Les tournesols Jean Ferrat Vincent Van Gogh
35%
Woman John Lennon Yoko Ono
33%
Cry me a river Justin Timberlake Britney Spears
30%
La légende de Jimmy Diane Tell James Dean
30%
Evidemment France Gall Daniel Balavoine
29%
Seras-tu là ? Michel Berger Véronique Sanson
20%
L'homme en blanc Pierre Bachelet Jean-Paul II
17%
De France Serge Lama Charles de Gaulle
15%
Kiki Julien Doré Kylian Mbappé
15%
Il jouait du piano debout France Gall Jerry Lee Lewis
13%
Happy birthday Stevie Wonder Martin Luther King
12%
Jonathan Renaud Johnny Clegg
9%
Marcia baila Rita Mitsouko Marcia Moretto
7%
Master blaster Stevie Wonder Bob Marley
6%
I'll Be Missing You Puff Daddy & Faith Evans The Notorious B.I.G.
6%
Suicide blonde INXS Kylie Minogue
4%
Angel of Harlem U2 Billie Holiday
3%
Grand prix Benjamin Biolay Jules Bianchi
3%
Les absents ont toujours tort Louis Chédid Patrick Dewaere
0%
C'est pas possible François Valéry Tina Turner
0%
Aucun quiz correspondant
Distribution des résultats
% des personnes avec chaque résultat
Percentile par nombre de réponses
Votre historique - résultats
Vous n’avez pas pris ce quiz